000
00275nam a2200121Ia 4500
100
_a
JOSHI VASANT/S
942
_c
BK
366
_f
50
245
_a
TRIVEDRUMCHI MARTHI HASTALIKHITE
260
_b
RAJYA MARATHI VIKAS SANSTHA
_a
Mumbai
_c
1996
300
_a
41
546
_a
MARATHI
999
_c
20261
_d
20261